Tummy Hurts - Renee Rapp (All Lyrics) - Statistics

General Stats
  • This quiz has been taken 112 times
  • The average score is 284 of 316
Answer Stats
Lyrics % Correct
a
100%
hurt
100%
I
100%
in
100%
In
100%
love
100%
tummy
100%
with
100%
And
99%
and
99%
baby
99%
But
99%
e
99%
e,
99%
e)
99%
her
99%
he's
99%
hurts,
99%
my
99%
the
99%
for
97%
For
97%
be
96%
it,
96%
it
96%
it's
96%
like
96%
Like
96%
Now
96%
now,
96%
what
96%
even
94%
go
94%
gonna
94%
me
94%
(Me
94%
some
94%
their
94%
worth,
94%
beautiful
93%
Eventually,
93%
eventually,
93%
father
93%
monsters,
93%
monsters
93%
mother
93%
they
93%
to
93%
2043
92%
babies
92%
little
92%
Someone's
92%
you
92%
You
92%
you,
92%
daddy
90%
girl
89%
make
89%
on
89%
of
87%
couple
86%
raise
86%
your
86%
Fucking
85%
they'd
85%
Oh,
83%
oh,
83%
up
83%
'Cause,
77%
'Cause
77%
you're
77%
kitchen
76%
'em
75%
just
75%
had
73%
months
73%
should
73%
always
72%
big
72%
get
72%
good
72%
heart
72%
money
72%
religion
72%
smoke,
72%
tits
72%
hard
70%
having
70%
Maybe
70%
pay
70%
rent
70%
that
70%
three
70%
want
70%
him
69%
problem
69%
recognition
69%
rely
69%
she
69%
couldn't
68%
Jesus,
68%
part
68%
try
68%
worst
68%
broke
66%
know
66%
never
66%
can't
63%
find
63%
heard
63%
hit
62%
I'd
62%
let
62%
might
62%
come
61%
she'll
61%
Yeah,
61%
believe
59%
stay
59%
made
58%
boys,
56%
guess
55%
hindsight,
55%
everything
48%
taught
46%
though
41%
Mm,
32%
No matching quizzes found
Score Distribution
Percent of People with Each Score
Percentile by Number Answered
Your Score History
You have not taken this quiz